000 00662nam a22001937a 4500
999 _c15159
_d15159
003 OSt
082 _2631.7 ANJ/TE
088 _aP 286
100 _aANJALY C. SUNNY
_93592
245 _aTerrain analysis by GIS for hydrological applications
260 _aTavanur 2014
_bDepartment of Land and Water Resources & Conservation Engineering
300 _a65
500 _aTerrain analysis by GIS for hydrological applications
520 _aTerrain analysis by GIS for hydrological applications
700 _aAswathi K
_93719
700 _aEr. Vishnu B (Guide)
_93355
856 _uhttps://drive.google.com/open?id=17YBWKIo7f1LB0TztCyQCK3urAYHPfq0X
942 _cPR